000 00418nam a22001577a 4500
003 OSt
005 20250220144612.0
008 250220b |||||||| |||| 00| 0 eng d
020 _a9788123909028
040 _cIIMT COLLEGE OF PHARMACY GREATER NOIDA
100 _aCARTER, SJ
245 _aCOOPER AND GUNNS DISPENDING FOR PHARMACEUTICAL STUDENT
260 _aNEW DELHI
_bCBS
_c2008
300 _a759
942 _2ddc
_c01
999 _c65205
_d65205